000
00335nam a2200133Ia 4500
008
150301s2015 xx 000 0 und d
082
_a
615.1
_b
C08C
100
_a
S. J CARTER
245
_a
COOPER & GUN'S DISPENSING FOR PHARMACEUTICAL STUDIES
260
_b
CBS- DELHI
300
_a
759
650
_a
PHARMACEUTICS
942
_2
ddc
_c
BK
_0
2
999
_c
7144
_d
7144